Grade A office market study report Hong Kong (Record no. 114589)
[ view plain ]
| 000 -LEADER | |
|---|---|
| fixed length control field | 01203cad a22002175a 4500 |
| 001 - CONTROL NUMBER | |
| control field | L157091 |
| 008 - FIXED-LENGTH DATA ELEMENTS--GENERAL INFORMATION | |
| fixed length control field | 120829s2011 xxk f 000 0 eng d |
| 020 ## - INTERNATIONAL STANDARD BOOK NUMBER | |
| International Standard Book Number | 9781842196090 |
| 035 ## - SYSTEM CONTROL NUMBER | |
| System control number | (Sirsi) u157091 |
| 041 0# - LANGUAGE CODE | |
| Language code of text/sound track or separate title | eng |
| 110 1# - MAIN ENTRY--CORPORATE NAME | |
| Corporate name or jurisdiction name as entry element | Royal Institution of Chartered Surveyors |
| 9 (RLIN) | 4900 |
| 245 00 - TITLE STATEMENT | |
| Title | Grade A office market study report Hong Kong |
| Medium | [electronic resource] |
| 260 ## - PUBLICATION, DISTRIBUTION, ETC. | |
| Place of publication, distribution, etc. | London |
| Name of publisher, distributor, etc. | RICS |
| Date of publication, distribution, etc. | 2011 |
| 490 #0 - SERIES STATEMENT | |
| Series statement | RICS Research |
| 520 ## - SUMMARY, ETC. | |
| Summary, etc. | Examines the Hong Kong office landscape, supplemented with international case studies of New York, London and Singapore and demand forecasts using econometric models. The report suggests a range of ways Government can increase land supply in Central, describes the conditions needed to create successful decentralized hubs and advocates the need for a master plan in land use strategy. Also highlights the emerging trends inthe property market which are likely to impact on how offices are used in the future. |
| 651 #4 - SUBJECT ADDED ENTRY--GEOGRAPHIC NAME | |
| Geographic name | Hong Kong |
| 690 ## - LOCAL SUBJECT ADDED ENTRY--TOPICAL TERM (OCLC, RLIN) | |
| Topical term or geographic name as entry element | Commercial property |
| 9 (RLIN) | 6227 |
| 710 1# - ADDED ENTRY--CORPORATE NAME | |
| Corporate name or jurisdiction name as entry element | CBRE |
| 856 40 - ELECTRONIC LOCATION AND ACCESS | |
| Uniform Resource Identifier | <a href="https://www.rics.org/Global/Hong_Kong_Grade_A_Office_Market_Study_Report.pdf">https://www.rics.org/Global/Hong_Kong_Grade_A_Office_Market_Study_Report.pdf</a> |
| Public note | View the main report free of charge at www.rics.org |
| 942 ## - ADDED ENTRY ELEMENTS (KOHA) | |
| Suppress in OPAC | 0 |
| Withdrawn status | Lost status | Source of classification or shelving scheme | Damaged status | Not for loan | Home library | Current library | Shelving location | Date acquired | Total Checkouts | Full call number | Barcode | Date last seen | Copy number | Price effective from | Koha item type |
|---|---|---|---|---|---|---|---|---|---|---|---|---|---|---|---|
| Dewey Decimal Classification | Virtual | Virtual | Online | 29/08/2012 | ONLINE PUBLICATION | 157091-2001 | 06/08/2019 | 1 | 06/08/2019 | Book |